NBA Top 10 Backcourts All-Time - Statistics

General Stats
  • This quiz has been taken 659 times
  • The average score is 12 of 21
Answer Stats
Player % Correct
Stephen Curry
92%
Klay Thompson
89%
Michael Jordan
86%
Magic Johnson
85%
Kobe Bryant
81%
Jerry West
80%
Isiah Thomas
64%
Derek Fisher
63%
Bob Cousy
62%
Joe Dumars
59%
Manu Ginóbili
56%
Tony Parker
56%
Ron Harper
51%
Sam Jones
50%
Byron Scott
44%
Gail Goodrich
43%
Walt Frazier
36%
Earl Monroe
29%
Chauncey Billups
28%
Bill Sharman
25%
Richard Hamilton
25%
No matching quizzes found
Score Distribution
Percent of People with Each Score
Percentile by Number Answered
Your Score History
You have not taken this quiz